History Quiz

Random History or State Quiz

US Secretaries of State Quiz Stats

 Plays Quiz Updated Jan 26, 2021

Support Sporcle.
Go Orange.
Score 0/71 Timer 10:00
3 Plays Today
Term Secretary of State % Correct
2009-2013Hillary Rodham Clinton
92.4%
2013-2017John Kerry
84.5%
2005-2009Condoleezza Rice
84.3%
1790-1793Thomas Jefferson
83.7%
2001-2005Colin Powell
79.4%
2018-2021Mike Pompeo
79.2%
1817-1825John Quincy Adams
75.9%
2017-2018Rex Tillerson
75.7%
1997-2001Madeleine Albright
72.1%
1973-1977Henry Kissinger
71.5%
1801-1809James Madison
70%
1811-1817James Monroe
67.9%
2021-Antony Blinken
66.5%
1800-1801John Marshall
53.8%
1947-1949George Marshall
53.1%
1829-1831Martin Van Buren
53%
1861-1869William H. Seward
52.8%
1989-1992James Baker
50.4%
1825-1829Henry Clay
47.9%
1845-1849James Buchanan
47.9%
1953-1959John Foster Dulles
47.7%
1993-1997Warren Christopher
46.8%
1981-1982Alexander Haig
46.2%
1809-1811Robert Smith
45.9%
1898-1905John Hay
44.2%
1961-1969Dean Rusk
43%
1844-1845John C. Calhoun
41%
1982-1989George P. Shultz
40.6%
1977-1980Cyrus Vance
39.5%
1841-1843Daniel Webster
38.9%
1850-1852Daniel Webster
38.9%
1949-1953Dean Acheson
38.5%
1913-1915William Jennings Bryan
38.3%
1933-1944Cordell Hull
37.6%
1992-1993Lawrence Sidney Eagleburger
37%
1980-1981Edmund Muskie
35.1%
Term Secretary of State % Correct
1881-1881James G. Blaine
32.4%
1889-1892James G. Blaine
32.4%
1921-1925Charles Evans Hughes
32.1%
1794-1795Edmund Randolph
31.9%
1969-1973William P. Rogers
31.3%
1905-1909Elihu Root
31%
1795-1800Timothy Pickering
30.2%
1945-1947James F. Byrnes
29.4%
1869-1877Hamilton Fish
28.7%
1925-1929Frank B. Kellogg
28.5%
1860-1861Jeremiah S. Black
28.4%
1929-1933Henry L. Stimson
28.4%
1909-1913Philander C. Knox
27.6%
1857-1860Lewis Cass
27.5%
1944-1945Edward Stettinius Jr.
26.4%
1897-1898John Sherman
26.3%
1959-1961Christian Herter
26.1%
1898-1898William R. Day
25.4%
1915-1920Robert Lansing
24%
1869-1869Elihu B. Washburne
23.7%
1831-1833Edward Livingston
22.8%
1881-1885Frederick T. Frelinghuysen
22%
1834-1841John Forsyth
21.8%
1843-1844Abel Upshur
21.8%
1909-1909Robert Bacon
21.7%
1852-1853Edward Everett
21.6%
1849-1850John M. Clayton
21.4%
1853-1857William L. Marcy
21.4%
1892-1893John W. Foster
21%
1895-1897Richard Olney
21%
1920-1921Bainbridge Colby
21%
1833-1834Louis McLane
20.9%
1877-1881William M. Evarts
20%
1893-1895Walter Q. Gresham
18.5%
1885-1889Thomas F. Bayard
18.5%

From the Vault

Ten Group Blitz: Geography

by petenge

Geography 30s
We're covering everything from the tops of the mountains to the bottoms of the oceans.
Remove Ads.
Support Sporcle.
Get the best of Sporcle when you Go Orange. This ad-free experience offers more features, more stats, and more fun while also helping to support Sporcle. Thank you for becoming a member.

Show Comments

Extras

Top Quizzes Today


Score Distribution

Your Account Isn't Verified!

In order to create a playlist on Sporcle, you need to verify the email address you used during registration. Go to your Sporcle Settings to finish the process.

Report this User

Report this user for behavior that violates our Community Guidelines.

Details: